Normal view
MARC view
- López Regalado, Oscar
Entry Nombre Personal
001 - NUMERO DE CONTROL
- campo de control: 48050
003 - IDENTIFICADOR DE NUMERO DE CONTROL
- campo de control: UPN
005 - FECHA Y HORA DE LA ÜLTIMA TRANSACCIÓN
- campo de control: 20230426144317.0
008 - DATOS DE LONGITUD FIJA
- campo de control de longitud fija: 230303|| acn||aabn | a|a d
024 ## - OTROS IDENTIFICADORES NORMALIZADOS
- Fuente: orcid
- Número normalizado o código: https://orcid.org/0000-0003-2393-1820
040 ## - FUENTE DE CATALOGACIÓN
- Agencia original de catalogación: MX-MxUPN
100 1# - ENCABEZAMIENTO - NOMBRE PERSONAL
- Nombre personal: López Regalado, Oscar
370 ## - LUGAR ASOCIADO
- Place of birth: Perú
371 ## - DIRECCIÓN
- Address: lregaladoo@ucvvirtual.edu.pe
372 ## - CAMPO DE ACTIVIDAD
- Field of activity: Ciencias de la educación
- Field of activity: Docencia e investigación
373 ## - GRUPO ASOCIADO
- Associated group: Universidad César Vallejo
374 ## - OCUPACIÓN
- Occupation: Profesora e investigadora universitaria
- Occupation: Doctor en Investigación e Innovación Educativa
670 ## - FUENTE EN LA QUE SE LOCALIZARON DATOS
- Cita de la fuente: En recurso en línea Acción y reflexión educativa, No. 47 (2022):
- Información localizada: página 1 (Óscar López Regalado)
- Uniform Resource Identifier: https://revistas.up.ac.pa/index.php/accion_reflexion_educativa/article/view/2580/2333
902 ## - CATALOGADOR
- Catalogador: RGJD/260423
